000 00814nam a2200217 i 4500
001 184648
003 ES-MaACL
005 20250905141659.0
008 151029s1967 sp |||| | spa d
100 1 _aMuller, Nicolás,
_d1913-2000
_984137
245 1 0 _aBaleares /
_c[Fotografias de Nicolás Muller ; ensayo preliminar de Lorenzo Villalonga ; texto de Esther Benitez].
260 _aMadrid :
_bClave,
_c[1967]
300 _a216 p. , 88 lám. ;
_c24 cm.
490 1 _aColección "Imagen de España"
651 4 _aBaleares (Comunidad Autónoma)-
_vObras ilustradas.
_9158042
700 1 _aVillalonga, Llorenç,
_d1897-1980
_9114975
700 1 _aBenítez, Esther,
_d1937-2001
_927600
830 0 _aColección "Imagen de España"
_9176875
852 _aES-MaACL
_jC-33958
999 _c184648
_d184648